35 kirchliche Feiertage - Statistiken

Allgemein
  • Dieses Quiz wurde 215 mal gespielt
  • Das Durchschnittsergebnis liegt bei 17 aus 35
Antwortstatistiken
Datum/ wann? Feiertag % Korrekt
1. Januar Neujahr
96%
Freitag vor Ostern Karfreitag
95%
6. Januar Heilige Drei Könige
93%
1. Sonntag, nach dem 1. Vollmond des Frühjahrs Ostersonntag / Ostern
93%
25. Dezember Weihnachten
93%
50. Tag nach Ostern Pfingsten
90%
vor Karfreitag Gründonnerstag / Hoher Donnerstag / Weißer Donnerstag
84%
40 Tage nach Ostern Christi Himmelfahrt
83%
4 Sonntage vor W.......... Advent
76%
1. November Allerheiligen
73%
Sonntag vor Ostern Palmsonntag / Ende der Fastenzeit
69%
31. Oktober Reformationstag
67%
40 Tage vor Ostern Aschermittwoch
66%
1 Woche vor 1. A..... Totensonntag / Ewigkeitssonntag
66%
15. August Mariä Himmelfahrt /Vollendung Mariens /Heimgang Mariens
64%
60 Tage nach Ostern Fronleichnam
58%
Mittwoch vor T....sonntag Buß, - & Bettag
54%
2. November Allerseelen
47%
1. Sonntag im Oktober Erntedankfest
39%
40 Tage vor Ostern Beginn der Fastenzeit /Osterfasten
34%
Sonntag nach Ostern(kathol.) Erstkommunion / Weißer Sonntag
31%
2. Februar Maria Lichtmeß / Unser Lieben Frauen Lichtweihe
31%
11. November Martinstag
31%
1. Sonntag nach Pf.... Dreifaltigkeit /Dreieinigkeit /Trinitatis
22%
24. März / 25. März Mariä Verkündung / Verkündung des Herrn / Maria Empfängnis
22%
8. September Mariä Geburt
15%
24. Juni Johannistag
14%
unterschiedl. (evangel.) Konfirmation / Firmung / Jugendweihe
11%
6 Sonntage nach Ostern Quasimodogeniti /Misericordias /Jubilate /Cantate/ Rogate/Exaudi
11%
14. September Kreuzerhöhung
10%
28. Dezember Tag der unschuldigen Kinder
9%
2. Juli Mariä Heimsuchung
7%
22. Juli Maria Magdalena
7%
6. August Verklärung des Herrn / Verklärung Christi /Transfiguration
7%
7. Oktober Rosenkranzfest
6%
Keine übereinstimmenden Quizze gefunden
Verteilung der Resultate
Anzahl Personen mit jedem Resultat
Perzentil nach korrekt beantworteten Fragen
Ihre Resultats-Entwicklung
Sie haben dieses Quiz noch nicht gespielt